000 00542nam a2200193Ia 4500
005 20250326140514.0
008 250326s9999 xx 000 0 und d
020 _a81-203-0963-4
037 _aTextbook
040 _aFMSL
_beng
_cFMSL
041 _aeng
_2eng
084 _aX:8 N4
_qFMSL
100 _aPetersen H C
_9742486
245 0 _aManagerial economics
_cPetersen H C; Lewis W C
260 _aNew Delhi
_bNew Delhi, Prentice Hall of India
_c1994
300 _axix,664
942 _cTB
_hX:8 N4
999 _c1286101
_d1286101